[Event "Moscow Aeroflot op-A"]
[Site "Moscow"]
[Date "2020.02.22"]
[Round "4"]
[White "Moroni, Luca Jr"]
[Black "Soumya, Swaminathan"]
[Result "1-0"]
[WhiteElo "2536"]
[BlackElo "2369"]
[PlyCount "111"]
[EventDate "2020.02.19"]
[EventType "swiss"]
[EventRounds "9"]
[EventCountry "RUS"]
[SourceTitle "CBM 195"]
[Source "ChessBase"]
[SourceDate "2020.04.30"]
[SourceVersion "1"]
[SourceVersionDate "2020.04.30"]
[SourceQuality "1"]

1. c4 c6 2. d4 d5 3. Nf3 Nf6 4. Nc3 e6 5. Qb3 Qb6 6. Qc2 Nbd7 7. e3 Qc7 8. b3
Bd6 9. Bb2 b6 10. Bd3 Bb7 11. O-O O-O 12. Rac1 Rac8 13. Qe2 Qb8 14. h3 Rfe8 15.
Bb1 c5 16. cxd5 exd5 17. Rfd1 g6 18. Bd3 cxd4 19. Nxd4 Nc5 20. Bb1 Nce4 21.
Ndb5 Bh2+ 22. Kh1 Be5 23. Nxe4 dxe4 24. Rxc8 Bxc8 25. Nd4 Bd7 26. b4 b5 27. a3
Rc8 28. Nb3 Be6 29. Nc5 Bc4 30. Qd2 Re8 31. Bc3 h5 32. Qb2 Bxc3 33. Qxc3 Qe5
34. Rd4 Bd5 35. Qd2 Re7 36. Kg1 Kg7 37. Bc2 Rc7 38. Bd1 a5 39. Be2 axb4 40.
axb4 Ra7 41. Bxb5 Ra1+ 42. Bf1 Bc6 43. Qb2 Re1 44. Qc3 Rb1 45. Qc2 Ra1 46. Rd1
Rxd1 47. Qxd1 Nd5 48. b5 Nc3 49. Nd7 Bxd7 50. Qxd7 Qc5 51. Qe8 h4 52. Qd8 Qd5
53. Qc7 Qd2 54. Bc4 Qe1+ 55. Kh2 Qxf2 56. b6 1-0

[Event "Moscow Aeroflot op-A"]
[Site "Moscow"]
[Date "2020.02.22"]
[Round "4"]
[White "Nikitenko, Mihail"]
[Black "Grigoriants, Sergey"]
[Result "0-1"]
[WhiteElo "2440"]
[BlackElo "2539"]
[PlyCount "91"]
[EventDate "2020.02.19"]
[EventType "swiss"]
[EventRounds "9"]
[EventCountry "RUS"]
[SourceTitle "CBM 195"]
[Source "ChessBase"]
[SourceDate "2020.04.30"]
[SourceVersion "1"]
[SourceVersionDate "2020.04.30"]
[SourceQuality "1"]

1. c4 e5 2. g3 Nf6 3. Bg2 c6 4. d4 e4 5. Nc3 d5 6. cxd5 cxd5 7. Bg5 Nbd7 8. Nh3
h6 9. Bxf6 Nxf6 10. O-O Bf5 11. Qb3 Qd7 12. Nf4 Rd8 13. Rac1 g5 14. Nb5 gxf4
15. Nc7+ Ke7 16. Qb4+ Qd6 17. Qxb7 Bd7 18. Qxa7 Bg7 19. Rc5 Rb8 20. Qa3 fxg3
21. fxg3 Rhc8 22. e3 Rxc7 23. Rxc7 Qxa3 24. bxa3 Kd6 25. Ra7 Be6 26. h3 h5 27.
a4 Nd7 28. a5 Bh6 29. Re1 Rb2 30. a4 Ra2 31. Bf1 Rxa4 32. Ra8 Ra3 33. Kf2 Ra2+
34. Re2 Ra3 35. a6 Nb6 36. Rh8 Bg7 37. Rd8+ Ke7 38. Rg8 Bh6 39. Rh8 Bg7 40. Rg8
Kf6 41. Rb2 Nc8 42. g4 hxg4 43. hxg4 Bh6 44. Bh3 Ne7 45. Rgb8 Bxe3+ 46. Kg2 0-1

[Event "Moscow Aeroflot op-A"]
[Site "Moscow"]
[Date "2020.02.22"]
[Round "4"]
[White "Praggnanandhaa, Rameshbabu"]
[Black "Artemiev, Vladislav"]
[Result "1/2-1/2"]
[WhiteElo "2602"]
[BlackElo "2728"]
[PlyCount "107"]
[EventDate "2020.02.19"]
[EventType "swiss"]
[EventRounds "9"]
[EventCountry "RUS"]
[SourceTitle "CBM 195"]
[Source "ChessBase"]
[SourceDate "2020.04.30"]
[SourceVersion "1"]
[SourceVersionDate "2020.04.30"]
[SourceQuality "1"]

1. e4 c5 2. Nf3 d6 3. d4 cxd4 4. Nxd4 Nf6 5. Nc3 a6 6. h3 e6 7. g4 h6 8. Bg2
Be7 9. b3 Nc6 10. Nxc6 bxc6 11. e5 dxe5 12. Qxd8+ Kxd8 13. Bxc6 Rb8 14. Bb2 Kc7
15. Bg2 Bb7 16. Bxb7 Kxb7 17. O-O-O Rbd8 18. Ne2 Ne4 19. Bxe5 Nxf2 20. Rxd8
Rxd8 21. Rf1 f6 22. Rxf2 fxe5 23. Rf7 Rd7 24. Kb1 e4 25. b4 Kc6 26. Rf4 Rd1+
27. Kb2 Bf6+ 28. Ka3 Rh1 29. Rxe4 Rxh3+ 30. Ka4 e5 31. c4 Rf3 32. b5+ Kb6 33.
c5+ Kxc5 34. bxa6 Kb6 35. Kb4 Kxa6 36. Nc3 Kb6 37. a4 Be7+ 38. Kc4 Kc6 39. a5
Rf4 40. Rxf4 exf4 41. Nd5 Bd6 42. a6 f3 43. a7 Kb7 44. Kd3 Bc5 45. a8=Q+ Kxa8
46. Nc7+ Kb7 47. Ne6 Kc6 48. Nxg7 Kd5 49. Nf5 Ke5 50. Nxh6 Kf4 51. Nf7 Be7 52.
Ne5 f2 53. Ke2 Kxe5 54. Kxf2 1/2-1/2

[Event "Moscow Aeroflot op-A"]
[Site "Moscow"]
[Date "2020.02.22"]
[Round "4"]
[White "Pranesh, M."]
[Black "Svane, Rasmus"]
[Result "1/2-1/2"]
[WhiteElo "2425"]
[BlackElo "2608"]
[PlyCount "66"]
[EventDate "2020.02.19"]
[EventType "swiss"]
[EventRounds "9"]
[EventCountry "RUS"]
[SourceTitle "CBM 195"]
[Source "ChessBase"]
[SourceDate "2020.04.30"]
[SourceVersion "1"]
[SourceVersionDate "2020.04.30"]
[SourceQuality "1"]

1. e4 e5 2. Nf3 Nc6 3. Bb5 a6 4. Ba4 Nf6 5. O-O Be7 6. Re1 b5 7. Bb3 O-O 8. c3
d5 9. exd5 Nxd5 10. Nxe5 Nxe5 11. Rxe5 c6 12. d3 Bd6 13. Re1 Qh4 14. g3 Qh3 15.
Re4 Nf6 16. Rh4 Qf5 17. Nd2 Ng4 18. f3 Ne3 19. Qe2 Nd5 20. c4 Nc7 21. d4 Qg6
22. Nf1 Re8 23. Re4 Bf5 24. Re3 Ne6 25. Qf2 Be7 26. Re1 Bb4 27. Bd2 Bxd2 28.
Nxd2 Nf4 29. Rxe8+ Rxe8 30. Re1 Rf8 31. Qe3 Nd3 32. Rb1 Nc5 33. Re1 Nd3 1/2-1/2

[Event "Moscow Aeroflot op-A"]
[Site "Moscow"]
[Date "2020.02.22"]
[Round "4"]
[White "Raja, Harshit"]
[Black "Chigaev, Maksim"]
[Result "1/2-1/2"]
[WhiteElo "2472"]
[BlackElo "2616"]
[PlyCount "86"]
[EventDate "2020.02.19"]
[EventType "swiss"]
[EventRounds "9"]
[EventCountry "RUS"]
[SourceTitle "CBM 195"]
[Source "ChessBase"]
[SourceDate "2020.04.30"]
[SourceVersion "1"]
[SourceVersionDate "2020.04.30"]
[SourceQuality "1"]

1. e4 c5 2. Nf3 d6 3. d4 Nf6 4. Nc3 cxd4 5. Nxd4 a6 6. Bg5 Nbd7 7. Qe2 h6 8.
Bh4 g6 9. f4 e5 10. fxe5 dxe5 11. Nb3 Bb4 12. Qf3 Bxc3+ 13. bxc3 Qb6 14. Bd3
O-O 15. Bf2 Qc6 16. O-O b6 17. Be3 Kg7 18. Rad1 Bb7 19. c4 a5 20. a4 Qxa4 21.
c5 Qc6 22. cxb6 a4 23. Nd2 a3 24. Ra1 a2 25. Bc4 Nxb6 26. Bb5 Qd6 27. Qxf6+
Qxf6 28. Rxf6 Kxf6 29. Bxb6 Ba6 30. Ba4 Rfb8 31. Bc7 Rb2 32. Bb3 Bd3 33. cxd3
Rxd2 34. Rf1+ Ke7 35. Bxe5 f5 36. exf5 gxf5 37. Re1 Kd7 38. Bc4 Rc2 39. h4 Ra3
40. Bd4 f4 41. Rf1 Ra8 42. Bg7 f3 43. Rxf3 a1=Q+ 1/2-1/2

[Event "Moscow Aeroflot op-A"]
[Site "Moscow"]
[Date "2020.02.22"]
[Round "4"]
[White "Salgado Lopez, Ivan"]
[Black "Vignesh, NR."]
[Result "1/2-1/2"]
[WhiteElo "2597"]
[BlackElo "2436"]
[PlyCount "107"]
[EventDate "2020.02.19"]
[EventType "swiss"]
[EventRounds "9"]
[EventCountry "RUS"]
[SourceTitle "CBM 195"]
[Source "ChessBase"]
[SourceDate "2020.04.30"]
[SourceVersion "1"]
[SourceVersionDate "2020.04.30"]
[SourceQuality "1"]

1. g3 d5 2. Nf3 Nf6 3. Bg2 c6 4. O-O Bf5 5. c4 e6 6. cxd5 exd5 7. d3 Be7 8. Nc3
O-O 9. Nh4 Be6 10. e4 dxe4 11. dxe4 Qxd1 12. Rxd1 Na6 13. h3 Rfd8 14. Nf5 Rxd1+
15. Nxd1 Bxf5 16. exf5 Rd8 17. Nc3 Nb4 18. Rb1 Bc5 19. Bg5 Nd3 20. Ne4 Be7 21.
b4 Nxb4 22. Bxf6 gxf6 23. a3 Nd5 24. Rxb7 Bxa3 25. Rxa7 Bf8 26. Bf3 Kg7 27. Bh5
Be7 28. Rb7 Ra8 29. Bf3 Kf8 30. h4 Ra2 31. Kf1 h6 32. Bd1 Ra1 33. Ke2 Ra2+ 34.
Kd3 Nb4+ 35. Kc3 Ra1 36. Bb3 Nd5+ 37. Kd2 Ra8 38. Ke2 Rd8 39. Bc4 Ra8 40. Bxd5
cxd5 41. Nc3 Bc5 42. Rb5 Bd4 43. Nd1 Re8+ 44. Kd3 Re1 45. Kd2 Re5 46. f4 Re4
47. Rxd5 Kg7 48. Kd3 Re1 49. Rxd4 Rxd1+ 50. Ke3 Rh1 51. Kf3 h5 52. Rd3 Rf1+ 53.
Kg2 Ra1 54. Rd5 1/2-1/2

[Event "Moscow Aeroflot op-A"]
[Site "Moscow"]
[Date "2020.02.22"]
[Round "4"]
[White "Sanal, Vahap"]
[Black "Sarana, Alexey"]
[Result "1/2-1/2"]
[WhiteElo "2569"]
[BlackElo "2656"]
[PlyCount "92"]
[EventDate "2020.02.19"]
[EventType "swiss"]
[EventRounds "9"]
[EventCountry "RUS"]
[SourceTitle "CBM 195"]
[Source "ChessBase"]
[SourceDate "2020.04.30"]
[SourceVersion "1"]
[SourceVersionDate "2020.04.30"]
[SourceQuality "1"]

1. c4 e5 2. Nc3 Nf6 3. Nf3 Nc6 4. a3 g6 5. g3 Bg7 6. Bg2 O-O 7. O-O Re8 8. d3
d6 9. Nd2 a5 10. Rb1 Ne7 11. b4 axb4 12. axb4 c6 13. b5 Be6 14. Bb2 d5 15. bxc6
bxc6 16. Qc2 h6 17. Rfc1 Nf5 18. Qd1 Nd6 19. Na4 Nd7 20. Ba3 Nf5 21. Bb4 Rb8
22. Nc3 Nf6 23. Qa4 Ra8 24. Qd1 Rb8 25. Na4 Nd7 26. Nc5 Nxc5 27. Bxc5 Qd7 28.
Nb3 Rec8 29. Na5 Ra8 30. Bb6 Bf8 31. Qe1 Ra6 32. cxd5 cxd5 33. Rxc8 Qxc8 34. e4
dxe4 35. Bxe4 Nd6 36. Bg2 Bf5 37. Rc1 Qe6 38. Bc5 Bxd3 39. Nc6 Be4 40. Bxe4
Nxe4 41. Bxf8 Rxc6 42. Bxh6 g5 43. Rxc6 Qxc6 44. f3 Qb6+ 45. Kf1 Qa6+ 46. Kg1
Qb6+ 1/2-1/2

[Event "Moscow Aeroflot op-A"]
[Site "Moscow"]
[Date "2020.02.22"]
[Round "4"]
[White "Sethuraman, SP."]
[Black "Mamedov, Rauf"]
[Result "1/2-1/2"]
[WhiteElo "2641"]
[BlackElo "2643"]
[PlyCount "33"]
[EventDate "2020.02.19"]
[EventType "swiss"]
[EventRounds "9"]
[EventCountry "RUS"]
[SourceTitle "CBM 195"]
[Source "ChessBase"]
[SourceDate "2020.04.30"]
[SourceVersion "1"]
[SourceVersionDate "2020.04.30"]
[SourceQuality "1"]

1. d4 d5 2. c4 e6 3. Nc3 Nf6 4. cxd5 exd5 5. Bg5 Be7 6. e3 c6 7. Bd3 Nbd7 8. h3
Nf8 9. Nf3 Ne6 10. Bh4 g6 11. O-O O-O 12. Rb1 a5 13. a3 Ne8 14. Bg3 Bd6 15. Bh4
Be7 16. Bg3 Bd6 17. Bh4 1/2-1/2

[Event "Moscow Aeroflot op-A"]
[Site "Moscow"]
[Date "2020.02.22"]
[Round "4"]
[White "Shtembuliak, Evgeny"]
[Black "Murzin, Volodar"]
[Result "1/2-1/2"]
[WhiteElo "2628"]
[BlackElo "2442"]
[PlyCount "86"]
[EventDate "2020.02.19"]
[EventType "swiss"]
[EventRounds "9"]
[EventCountry "RUS"]
[SourceTitle "CBM 195"]
[Source "ChessBase"]
[SourceDate "2020.04.30"]
[SourceVersion "1"]
[SourceVersionDate "2020.04.30"]
[SourceQuality "1"]

1. d4 d5 2. c4 e6 3. Nc3 a6 4. cxd5 exd5 5. Nf3 c6 6. Bf4 Bd6 7. Bxd6 Qxd6 8.
e4 dxe4 9. Nxe4 Qe7 10. Qe2 Nd7 11. Nd6+ Kf8 12. Qxe7+ Kxe7 13. Nxc8+ Rxc8 14.
Bc4 Nb6 15. Bb3 Nf6 16. O-O-O Rhe8 17. Ne5 Nfd5 18. Rhe1 Kf8 19. Nd3 Red8 20.
g3 Rc7 21. a3 Nf6 22. Ne5 Nc8 23. Bc2 Nd6 24. Bd3 Nb5 25. Bxb5 axb5 26. Nf3 Nd5
27. Kc2 f6 28. Nd2 Kf7 29. Ne4 Re7 30. Nc5 b6 31. Nb3 Ke8 32. Nd2 Rxe1 33.
Rxe1+ Kd7 34. Nf1 Ra8 35. Ne3 Nxe3+ 36. Rxe3 Ra4 37. Kd3 b4 38. axb4 Rxb4 39.
Kc3 Ra4 40. Re1 b5 41. h4 Rc4+ 42. Kd3 Rb4 43. Kc3 Rc4+ 1/2-1/2

[Event "Moscow Aeroflot op-A"]
[Site "Moscow"]
[Date "2020.02.22"]
[Round "4"]
[White "Sjugirov, Sanan"]
[Black "Basso, Pier Luigi"]
[Result "1/2-1/2"]
[WhiteElo "2674"]
[BlackElo "2600"]
[PlyCount "46"]
[EventDate "2020.02.19"]
[EventType "swiss"]
[EventRounds "9"]
[EventCountry "RUS"]
[SourceTitle "CBM 195"]
[Source "ChessBase"]
[SourceDate "2020.04.30"]
[SourceVersion "1"]
[SourceVersionDate "2020.04.30"]
[SourceQuality "1"]

1. d4 d5 2. c4 c6 3. Nf3 Nf6 4. Nc3 e6 5. Bg5 dxc4 6. e4 b5 7. e5 h6 8. Bh4 g5
9. Nxg5 hxg5 10. Bxg5 Be7 11. exf6 Bxf6 12. Bxf6 Qxf6 13. g3 Na6 14. Bg2 Bb7
15. Ne4 Qe7 16. O-O O-O-O 17. h4 c5 18. a4 Rxd4 19. Qe2 b4 20. Rad1 Qc7 21. Rc1
Qc6 22. f3 Nc7 23. Rfd1 Qd5 1/2-1/2

[Event "Moscow Aeroflot op-A"]
[Site "Moscow"]
[Date "2020.02.22"]
[Round "4"]
[White "Smirin, Ilia"]
[Black "Nesterov, Arseniy"]
[Result "1-0"]
[WhiteElo "2615"]
[BlackElo "2501"]
[PlyCount "91"]
[EventDate "2020.02.19"]
[EventType "swiss"]
[EventRounds "9"]
[EventCountry "RUS"]
[SourceTitle "CBM 195"]
[Source "ChessBase"]
[SourceDate "2020.04.30"]
[SourceVersion "1"]
[SourceVersionDate "2020.04.30"]
[SourceQuality "1"]

1. e4 e5 2. Bc4 Nf6 3. d3 Nc6 4. Nf3 Bc5 5. O-O d6 6. c3 a5 7. a4 O-O 8. Nbd2
Be6 9. Bxe6 fxe6 10. Nc4 Qd7 11. Qe2 Rae8 12. Be3 Bxe3 13. Nxe3 Qf7 14. Nd2 Qg6
15. g3 d5 16. Ng2 Qh6 17. Rad1 Rd8 18. f4 Qh5 19. Qxh5 Nxh5 20. fxe5 Nxe5 21.
d4 Nc6 22. e5 Rxf1+ 23. Nxf1 Rf8 24. Nfe3 Nd8 25. Ne1 g6 26. Ng4 Kg7 27. Kg2
Nf7 28. Nd3 b6 29. h4 Nh6 30. Nxh6 Kxh6 31. b4 axb4 32. cxb4 Ng7 33. g4 g5 34.
Rf1 Rxf1 35. Kxf1 Ne8 36. a5 Kg6 37. Kg2 h6 38. Nb2 h5 39. gxh5+ Kxh5 40. Na4
bxa5 41. bxa5 c6 42. a6 Nc7 43. a7 Kxh4 44. Nc5 Kh5 45. Nxe6 Na8 46. Kg3 1-0

[Event "Moscow Aeroflot op-A"]
[Site "Moscow"]
[Date "2020.02.22"]
[Round "4"]
[White "Sunilduth Lyna, Narayanan"]
[Black "Puranik, Abhimanyu Sameer"]
[Result "1/2-1/2"]
[WhiteElo "2637"]
[BlackElo "2597"]
[PlyCount "64"]
[EventDate "2020.02.19"]
[EventType "swiss"]
[EventRounds "9"]
[EventCountry "RUS"]
[SourceTitle "CBM 195"]
[Source "ChessBase"]
[SourceDate "2020.04.30"]
[SourceVersion "1"]
[SourceVersionDate "2020.04.30"]
[SourceQuality "1"]

1. e4 e5 2. Nf3 Nc6 3. Bb5 a6 4. Ba4 Nf6 5. O-O Be7 6. Re1 b5 7. Bb3 d6 8. c3
O-O 9. h3 Bb7 10. d4 Nd7 11. Nbd2 exd4 12. cxd4 Bf6 13. Nf1 Na5 14. Bc2 Re8 15.
Ng3 g6 16. Rb1 c5 17. d5 Nc4 18. b3 Ncb6 19. Be3 b4 20. Nh2 a5 21. Ng4 Bg7 22.
Nh6+ Kf8 23. Nhf5 gxf5 24. Nxf5 Re5 25. Nxd6 Bxd5 26. f4 Re6 27. Nxf7 Kxf7 28.
exd5 Rd6 29. Bxh7 Nxd5 30. Qd3 Qf6 31. Rbd1 Bf8 32. Be4 Nxe3 1/2-1/2

[Event "Moscow Aeroflot op-A"]
[Site "Moscow"]
[Date "2020.02.22"]
[Round "4"]
[White "Sychev, Klementy"]
[Black "Zvjaginsev, Vadim"]
[Result "1/2-1/2"]
[WhiteElo "2563"]
[BlackElo "2623"]
[PlyCount "50"]
[EventDate "2020.02.19"]
[EventType "swiss"]
[EventRounds "9"]
[EventCountry "RUS"]
[SourceTitle "CBM 195"]
[Source "ChessBase"]
[SourceDate "2020.04.30"]
[SourceVersion "1"]
[SourceVersionDate "2020.04.30"]
[SourceQuality "1"]

1. e4 e5 2. Nf3 Nc6 3. Bb5 Nf6 4. d3 d6 5. O-O a6 6. Bxc6+ bxc6 7. d4 exd4 8.
Nxd4 c5 9. Nc6 Qd7 10. Na5 Qa4 11. Bd2 Be7 12. Re1 Bg4 13. f3 Be6 14. c4 Qxd1
15. Rxd1 Nd7 16. Nc3 Bf6 17. Nd5 Bxd5 18. cxd5 Bxb2 19. Rab1 Bd4+ 20. Kf1 f5
21. Nc6 fxe4 22. Ba5 Nf6 23. Nxd4 cxd4 24. fxe4 O-O 25. Kg1 Rae8 1/2-1/2

[Event "Moscow Aeroflot op-A"]
[Site "Moscow"]
[Date "2020.02.22"]
[Round "4"]
[White "Vaibhav, Suri"]
[Black "Aravindh, Chithambaram VR"]
[Result "1/2-1/2"]
[WhiteElo "2591"]
[BlackElo "2630"]
[PlyCount "62"]
[EventDate "2020.02.19"]
[EventType "swiss"]
[EventRounds "9"]
[EventCountry "RUS"]
[SourceTitle "CBM 195"]
[Source "ChessBase"]
[SourceDate "2020.04.30"]
[SourceVersion "1"]
[SourceVersionDate "2020.04.30"]
[SourceQuality "1"]

1. e4 c5 2. Nf3 e6 3. d4 cxd4 4. Nxd4 Nc6 5. Nc3 Qc7 6. g3 a6 7. Bg2 Nf6 8. O-O
Nxd4 9. Qxd4 Bc5 10. Bf4 d6 11. Qd2 h6 12. Rad1 e5 13. Be3 Ke7 14. Bxc5 Qxc5
15. Na4 Qc7 16. f4 Rd8 17. fxe5 dxe5 18. Qb4+ Ke8 19. Nb6 Rxd1 20. Rxd1 Rb8 21.
Nd5 Nxd5 22. exd5 b5 23. d6 Qxc2 24. d7+ Bxd7 25. Qd6 Rd8 26. Bb7 Qe2 27. b4 e4
28. Qe5+ Kf8 29. Rxd7 Qe3+ 30. Kg2 Qf3+ 31. Kg1 Qe3+ 1/2-1/2

[Event "Moscow Aeroflot op-A"]
[Site "Moscow"]
[Date "2020.02.22"]
[Round "4"]
[White "Visakh, NR."]
[Black "Deac, Bogdan Daniel"]
[Result "1/2-1/2"]
[WhiteElo "2518"]
[BlackElo "2626"]
[PlyCount "35"]
[EventDate "2020.02.19"]
[EventType "swiss"]
[EventRounds "9"]
[EventCountry "RUS"]
[SourceTitle "CBM 195"]
[Source "ChessBase"]
[SourceDate "2020.04.30"]
[SourceVersion "1"]
[SourceVersionDate "2020.04.30"]
[SourceQuality "1"]

1. d4 Nf6 2. c4 e6 3. Nc3 Bb4 4. e3 c5 5. Nge2 cxd4 6. exd4 d5 7. a3 Be7 8. Nf4
O-O 9. Be3 Nc6 10. Rc1 dxc4 11. Bxc4 e5 12. dxe5 Nxe5 13. Ncd5 Nxc4 14. Rxc4
Nxd5 15. Nxd5 Be6 16. Nxe7+ Qxe7 17. Rd4 Rfd8 18. O-O 1/2-1/2

[Event "Moscow Aeroflot op-A"]
[Site "Moscow"]
[Date "2020.02.22"]
[Round "4"]
[White "Vogel, Roven"]
[Black "Radovanovic, Mihajlo"]
[Result "0-1"]
[WhiteElo "2473"]
[BlackElo "2458"]
[PlyCount "40"]
[EventDate "2020.02.19"]
[EventType "swiss"]
[EventRounds "9"]
[EventCountry "RUS"]
[SourceTitle "CBM 195"]
[Source "ChessBase"]
[SourceDate "2020.04.30"]
[SourceVersion "1"]
[SourceVersionDate "2020.04.30"]
[SourceQuality "1"]

1. d4 Nf6 2. c4 g6 3. Nf3 Bg7 4. g3 O-O 5. Bg2 d6 6. Nc3 c6 7. O-O Qa5 8. e4 e5
9. h3 Nbd7 10. Be3 Qb4 11. Qe2 exd4 12. a3 d3 13. Qxd3 Qb3 14. Nd2 Qxb2 15. Bd4
Ne8 16. Bxg7 Nxg7 17. Rfb1 Ne5 18. Qe3 Qc2 19. c5 dxc5 20. f4 Nd3 0-1

[Event "Moscow Aeroflot op-A"]
[Site "Moscow"]
[Date "2020.02.22"]
[Round "4"]
[White "Wagner, Dennis"]
[Black "Mendonca, Leon Luke"]
[Result "1/2-1/2"]
[WhiteElo "2590"]
[BlackElo "2418"]
[PlyCount "137"]
[EventDate "2020.02.19"]
[EventType "swiss"]
[EventRounds "9"]
[EventCountry "RUS"]
[SourceTitle "CBM 195"]
[Source "ChessBase"]
[SourceDate "2020.04.30"]
[SourceVersion "1"]
[SourceVersionDate "2020.04.30"]
[SourceQuality "1"]

1. Nf3 Nf6 2. c4 e6 3. Nc3 d5 4. d4 dxc4 5. e4 Bb4 6. Bxc4 Nxe4 7. O-O Nf6 8.
Qa4+ Nc6 9. Ne5 Rb8 10. d5 exd5 11. Nxc6 bxc6 12. Nxd5 Nxd5 13. Qxc6+ Bd7 14.
Qxd5 O-O 15. Bf4 Bd6 16. Bxd6 Be6 17. Qe4 Bxc4 18. Bxf8 Bxf1 19. Bc5 Bd3 20.
Qe5 a6 21. Rd1 Qe8 22. Bd4 Qxe5 23. Bxe5 Bc2 24. Rc1 Rd8 25. Bxc7 Rd1+ 26. Rxd1
Bxd1 27. Kf1 Kf8 28. Ke1 Bg4 29. Kd2 Ke7 30. Kc3 Kd7 31. Be5 g6 32. Kd4 h5 33.
Kc5 Be2 34. Bf4 Bf1 35. Kb6 Kc8 36. a4 Be2 37. b4 Bf1 38. Bd2 Be2 39. b5 axb5
40. axb5 Bf1 41. g3 Be2 42. Kc6 Bf3+ 43. Kd6 Kb7 44. Be3 Be4 45. Ke7 Bd5 46.
Kf6 Bc4 47. b6 Bd5 48. Kg5 Bf3 49. Kf4 Be2 50. Ke4 Bd1 51. f3 Be2 52. Kf4 Bd1
53. g4 Kc6 54. Kg3 Kb7 55. gxh5 gxh5 56. f4 Kc6 57. Kh4 Kb7 58. Kg5 Kc6 59. Kf6
Bb3 60. f5 Kb7 61. Kg5 Bd1 62. Kh6 Be2 63. Kg7 Bc4 64. h4 Bb3 65. Kh6 Bd1 66.
f6 Be2 67. Kg7 Bc4 68. Kh6 Be2 69. Kg7 1/2-1/2

[Event "Moscow Aeroflot op-A"]
[Site "Moscow"]
[Date "2020.02.22"]
[Round "4"]
[White "Yilmaz, Mustafa"]
[Black "Sindarov, Javokhir"]
[Result "1-0"]
[WhiteElo "2607"]
[BlackElo "2537"]
[PlyCount "71"]
[EventDate "2020.02.19"]
[EventType "swiss"]
[EventRounds "9"]
[EventCountry "RUS"]
[SourceTitle "CBM 195"]
[Source "ChessBase"]
[SourceDate "2020.04.30"]
[SourceVersion "1"]
[SourceVersionDate "2020.04.30"]
[SourceQuality "1"]

1. Nf3 Nf6 2. c4 g6 3. Nc3 c5 4. d4 Bg7 5. e4 d6 6. Be2 O-O 7. O-O Bg4 8. d5
Nbd7 9. h3 Bxf3 10. Bxf3 Ne8 11. Bg5 Nc7 12. Be2 a6 13. Qd2 Re8 14. a4 Qb8 15.
Rae1 e6 16. Bf4 Ne5 17. Bg3 exd5 18. cxd5 b5 19. f4 Nd7 20. e5 c4 21. Ne4 dxe5
22. f5 Rd8 23. Kh1 Ne8 24. d6 Ra7 25. fxg6 hxg6 26. Bh4 f5 27. axb5 fxe4 28.
Bxc4+ Kh7 29. Bxd8 Qxd8 30. Rf7 axb5 31. Be6 Qb6 32. Rxe4 Ra1+ 33. Kh2 Nef6 34.
Rh4+ Nh5 35. Rxh5+ gxh5 36. Rxg7+ 1-0

[Event "Moscow Aeroflot op-A"]
[Site "Moscow"]
[Date "2020.02.22"]
[Round "4"]
[White "Zanan, Evgeny"]
[Black "Karthikeyan, Murali"]
[Result "1/2-1/2"]
[WhiteElo "2500"]
[BlackElo "2602"]
[PlyCount "47"]
[EventDate "2020.02.19"]
[EventType "swiss"]
[EventRounds "9"]
[EventCountry "RUS"]
[SourceTitle "CBM 195"]
[Source "ChessBase"]
[SourceDate "2020.04.30"]
[SourceVersion "1"]
[SourceVersionDate "2020.04.30"]
[SourceQuality "1"]

1. e4 c5 2. Nf3 Nc6 3. d4 cxd4 4. Nxd4 Nf6 5. Nc3 d6 6. Bg5 Bd7 7. Qd2 a6 8.
O-O-O e6 9. f4 b5 10. Nxc6 Bxc6 11. Bd3 Be7 12. e5 dxe5 13. fxe5 Nd7 14. Bxe7
Qxe7 15. Be4 Nxe5 16. Qf4 Bxe4 17. Qxe5 Bg6 18. Qxg7 Qg5+ 19. Rd2 Ke7 20. h4
Qe3 21. Rf1 Rhd8 22. Qf6+ Ke8 23. Qh8+ Ke7 24. Qf6+ 1/2-1/2

[Event "Moscow Aeroflot op-A"]
[Site "Moscow"]
[Date "2020.02.22"]
[Round "4"]
[White "Zarubitski, Viachaslau"]
[Black "Sivuk, Vitaly"]
[Result "1/2-1/2"]
[WhiteElo "2432"]
[BlackElo "2557"]
[PlyCount "107"]
[EventDate "2020.02.19"]
[EventType "swiss"]
[EventRounds "9"]
[EventCountry "RUS"]
[SourceTitle "CBM 195"]
[Source "ChessBase"]
[SourceDate "2020.04.30"]
[SourceVersion "1"]
[SourceVersionDate "2020.04.30"]
[SourceQuality "1"]

1. e4 c5 2. Nf3 d6 3. Bb5+ Nd7 4. d4 cxd4 5. Qxd4 a6 6. Bxd7+ Qxd7 7. Nc3 e5 8.
Qd3 Qc6 9. Nd5 f5 10. Nd2 Nf6 11. f3 Nxd5 12. exd5 Qc7 13. a4 Be7 14. O-O O-O
15. a5 Bd7 16. c4 b5 17. axb6 Qxb6+ 18. Kh1 a5 19. Rb1 Rfc8 20. b3 Bg5 21. Ba3
Qe3 22. Qxe3 Bxe3 23. Rfd1 Ra6 24. Nf1 Bd4 25. Rdc1 Kf7 26. Ng3 g5 27. Ne2 Be3
28. Rc3 f4 29. Rd1 Rb6 30. h3 h5 31. Rdd3 Bf2 32. Rd1 Bf5 33. Rf1 Be3 34. Ng3
fxg3 35. Rxe3 a4 36. bxa4 Rxc4 37. a5 Ra6 38. Rb3 Rc2 39. Rb7+ Ke8 40. Re1 Rxa5
41. Bxd6 Re2 42. Re7+ Kd8 43. Rxe5 Rxe1+ 44. Rxe1 Rxd5 45. Be7+ Kd7 46. Bxg5
Bxh3 47. Bf4 Be6 48. Bxg3 Rd4 49. Be5 Rc4 50. Bf6 h4 51. Rd1+ Ke8 52. Be5 Rc2
53. Rd3 h3 54. gxh3 1/2-1/2

[Event "Moscow Aeroflot op-A"]
[Site "Moscow"]
[Date "2020.02.23"]
[Round "5"]
[White "Aditya, Mittal"]
[Black "Iljiushenok, Ilia"]
[Result "1/2-1/2"]
[WhiteElo "2427"]
[BlackElo "2519"]
[PlyCount "125"]
[EventDate "2020.02.19"]
[EventType "swiss"]
[EventRounds "9"]
[EventCountry "RUS"]
[SourceTitle "CBM 195"]
[Source "ChessBase"]
[SourceDate "2020.04.30"]
[SourceVersion "1"]
[SourceVersionDate "2020.04.30"]
[SourceQuality "1"]

1. d4 Nf6 2. c4 g6 3. Nc3 d5 4. cxd5 Nxd5 5. e4 Nxc3 6. bxc3 Bg7 7. Nf3 c5 8.
Be3 Qa5 9. Qd2 Nc6 10. Rb1 a6 11. Rc1 cxd4 12. cxd4 Qxd2+ 13. Kxd2 f5 14. e5
O-O 15. Bc4+ Kh8 16. g3 Na5 17. Bd5 e6 18. Rc5 exd5 19. Rxa5 Bd7 20. Rc5 Rfc8
21. Rb1 Bc6 22. Ng5 Kg8 23. Ne6 Bf8 24. Nxf8 Rxf8 25. Bg5 Rae8 26. Ke3 Re6 27.
Kf4 Rf7 28. h4 Kg7 29. Rb3 h5 30. f3 Kh7 31. Rb2 Kg7 32. Rh2 Kh7 33. Bf6 Kh6
34. Rc1 Rf8 35. Rg2 Rf7 36. g4 fxg4 37. fxg4 hxg4 38. Rxg4 Bb5 39. Rg3 Be2 40.
Re3 Bc4 41. a3 b5 42. Rg1 a5 43. Reg3 Rfxf6+ 44. exf6 Rxf6+ 45. Ke5 Rb6 46. h5
gxh5 47. Rg8 Kh7 48. R8g7+ Kh6 49. Rg8 Kh7 50. R1g7+ Kh6 51. Rg3 Kh7 52. R3g7+
Kh6 53. Rg2 Kh7 54. R8g5 Kh6 55. Rg8 Kh7 56. Ra8 b4 57. Ra7+ Kh6 58. Ra8 Kh7
59. Rxa5 b3 60. Ra7+ Kh6 61. Ra8 Kh7 62. Rb2 h4 63. Kf4 1/2-1/2